| 000 | 01108nam a2200289 i 4500 | ||
|---|---|---|---|
| 001 | 184232 | ||
| 003 | ES-MaACL | ||
| 005 | 20250830204154.0 | ||
| 008 | 150526s1973 sp ao e |||| |dspa d | ||
| 020 | _a84-7017-393-6 | ||
| 080 | _a7:069(753W) National Gallery of Art | ||
| 245 | 0 | 0 |
_aGalería Nacional _b: Washington / _c[presentación de John Walker ; textos de Giampaolo Gandolfo ... [et al.] ; traducción de Xavier Gispert, Máximo Cortini]. |
| 246 | 3 | 4 | _aEnciclopedia de los museos |
| 260 |
_aBarcelona : _bArgos, _c[1973] |
||
| 300 |
_a172 p. : _bil. col., fot. ; _c29 cm. |
||
| 490 | 1 |
_aEnciclopedia de los museos ; _v12 |
|
| 500 | _aÍndices. | ||
| 504 | _aBibliografía: p. 168. | ||
| 610 | 2 | 4 |
_aNational Gallery of Art (Estados Unidos) _95971 |
| 700 | 1 |
_aGandolfo, Giampaolo. _9156891 |
|
| 700 | 1 |
_aGispert, Javier. _9156892 |
|
| 700 | 1 |
_aCortini, Máximo. _940954 |
|
| 830 | 0 |
_aEnciclopedia de los museos ; _v12 _9192084 |
|
| 852 |
_aES-MaACL _jE-15642 _z- enc. guaflex |
||
| 852 |
_aES-MaACL _jL-30417 _z- enc. guaflex _z. - Donat. Miguel A. Velasco |
||
| 999 |
_c184232 _d184232 |
||